| 000 | 00670nam a2200193 i 4500 | ||
|---|---|---|---|
| 001 | 29161 | ||
| 003 | ES-MaACL | ||
| 007 | t| | ||
| 008 | 030121m18721879fr ||||1| fre d | ||
| 100 | 1 |
_aBarbier, Antoine Alexandre. _925449 |
|
| 245 | 1 | 0 |
_aDictionnaire de ouvrages anonymes / _cpar Antoine Alexandre Barbier. |
| 250 | _a3eme ed., rev. et augm. par Olivier Barbier et Paul Billard. | ||
| 260 |
_aParĂs : _b[s.n., _c1872-79] ( _fGauthier-Villars) |
||
| 300 |
_a4 v. ; _c25 cm. |
||
| 505 | 8 | _aContiene: V. I: A-D. -- V. II: E-L. -- V. III: M-Q. -- V. IV: R-Z | |
| 700 | 1 |
_aBarbier, Olivier. _925459 |
|
| 700 | 1 |
_aBillard, Paul. _928880 |
|
| 852 |
_aES-MaACL _jB-4329-32 |
||
| 999 |
_c29161 _d29161 |
||